000 00800nab a2200241 u 4500
001 15073
003 HDC
007 cr bn ---aaaaa
008 210217c my dr|nes 0 |0eng
040 _aHDC
245 0 _aNasmir mampu keluar 40 juta kapsul gelatin halal sehari
260 _a[no place] :
_b[publisher not identified],
_c[no year]
336 _atext
_2rdacontent
337 _acomputer
_2rdamedia
338 _aonline resource
_2rdacarrier
650 _aHalal capsule gelatin
_915394
650 _aHalal industry
_9144
710 _aBerita Harian
856 _zRequest full-text at [email protected]
942 _2lcc
942 _cNEWS
942 _kNWSO 004611
999 _c12389
_d12389